<?xml version="1.0" encoding="UTF-8"?>
<record
    xmlns:xsi="http://www.w3.org/2001/XMLSchema-instance"
    xsi:schemaLocation="http://www.loc.gov/MARC21/slim http://www.loc.gov/standards/marcxml/schema/MARC21slim.xsd"
    xmlns="http://www.loc.gov/MARC21/slim">

  <leader>00576cam a22001571  4500</leader>
  <datafield tag="020" ind1=" " ind2=" ">
    <subfield code="a">0436233800</subfield>
  </datafield>
  <datafield tag="082" ind1="0" ind2="0">
    <subfield code="a">956.046</subfield>
    <subfield code="b">KIM</subfield>
    <subfield code="c">L-30, P-109</subfield>
  </datafield>
  <datafield tag="100" ind1="1" ind2=" ">
    <subfield code="a">Kimche, David.</subfield>
    <subfield code="9">46537</subfield>
  </datafield>
  <datafield tag="245" ind1="1" ind2="4">
    <subfield code="a">The sandstorm:</subfield>
    <subfield code="b">the Arab-Israeli war of June 1967: prelude and aftermath</subfield>
    <subfield code="c">[by] David Kimche and Dan Bawley.</subfield>
  </datafield>
  <datafield tag="260" ind1=" " ind2=" ">
    <subfield code="a">London,</subfield>
    <subfield code="b">Secker &amp; Warburg,</subfield>
    <subfield code="c">1968.</subfield>
  </datafield>
  <datafield tag="300" ind1=" " ind2=" ">
    <subfield code="a">319 p.</subfield>
    <subfield code="b">4 plates, illus., maps, ports.</subfield>
    <subfield code="c">23 cm.</subfield>
  </datafield>
  <datafield tag="526" ind1=" " ind2=" ">
    <subfield code="a">0</subfield>
    <subfield code="b">0</subfield>
    <subfield code="c">0</subfield>
    <subfield code="d">956_046000000000000_KIM</subfield>
  </datafield>
  <datafield tag="650" ind1=" " ind2="0">
    <subfield code="a">Israel-Arab War, 1967</subfield>
    <subfield code="x">Diplomatic history.</subfield>
    <subfield code="9">46538</subfield>
  </datafield>
  <datafield tag="700" ind1="1" ind2=" ">
    <subfield code="a">Bawley, Dan,</subfield>
    <subfield code="9">46539</subfield>
  </datafield>
  <datafield tag="942" ind1=" " ind2=" ">
    <subfield code="2">ddc</subfield>
    <subfield code="c">BK</subfield>
  </datafield>
  <datafield tag="999" ind1=" " ind2=" ">
    <subfield code="c">549852</subfield>
    <subfield code="d">549852</subfield>
  </datafield>
  <datafield tag="952" ind1=" " ind2=" ">
    <subfield code="0">0</subfield>
    <subfield code="1">0</subfield>
    <subfield code="2">ddc</subfield>
    <subfield code="4">0</subfield>
    <subfield code="7">0</subfield>
    <subfield code="a">MCE</subfield>
    <subfield code="b">MCE</subfield>
    <subfield code="d">2014-10-15</subfield>
    <subfield code="l">0</subfield>
    <subfield code="o">956.046 KIM</subfield>
    <subfield code="p">MCE-3636</subfield>
    <subfield code="r">2014-10-15</subfield>
    <subfield code="w">2014-10-15</subfield>
    <subfield code="y">BK</subfield>
  </datafield>
</record>
